• 首页
  • 本馆介绍
  • 公告通知
  • 最新文献
  • 馆藏检索
  • 电子资源
  • 读者导购
  • 参考咨询
  • 我的图书馆
  • 登录
  • 详细信息显示
  • 放入我的书架
  • 预约/预借图书
  • 作者相关作品
  • 分类相关作品
  • 丛书相关作品
  • 出版社相关作品

书目信息

  • 表格格式
  • 工作单格式
  • 卡片格式
题名:
防患未然
    
 
作者: 魏春艳 主编
分册:  
出版信息: 北京   中国时代经济出版社  2002.10
页数: 236页
开本: 20cm
丛书名: 教你打官司丛书
单 册:
中图分类: D922.284.5
科图分类:
主题词: 法律--中国
电子资源:
ISBN: 7-80169-198-9
000 00686nam0 2200229 450
001 0835367369
005 20080620095123.51
010    @a7-80169-198-9@dCNY16.00
100    @a20080620d2002 km y0chiy0120 ea
101 0  @achi
102    @aCN@b110000
200 1  @a防患未然@Afang huan wei ran@e保险法@f魏春艳等主编@Fwei chun yan deng zhu bian
210    @a北京@c中国时代经济出版社@d2002.10
215    @a236页@d20cm
225 2  @a教你打官司丛书
410  0 @12001 @a教你打官司丛书
517 1  @a保险法@Abao xian fa
606 0  @a法律@x中国
690    @aD922.284.5@v4
701  0 @a魏春艳@Awei chun yan@4主编
801  0 @aCN@b山东省滨州职业学院图书馆@c20080620
905    @aBZT@dD922.284.5@e3
    
    防患未然:保险法/魏春艳等主编.-北京:中国时代经济出版社,2002.10
    236页;20cm.-(教你打官司丛书)
    
    
    ISBN 7-80169-198-9:CNY16.00
    
●
相关链接 在五车中查询图书 在当当中查询图书 在豆瓣中查询图书


正题名:防患未然     索取号:D922.284.5/3         预约/预借

序号 登录号 条形码 馆藏地/架位号 状态 备注
1 683456   2000683456   中心书库南/013架A面2层6列/ [索取号:D922.284.5/3] 在馆    
2 683457   2000683457   中心书库南/013架B面2层1列/ [索取号:D922.284.5/3] 在馆    
3 683458   2000683458   中心书库南/013架A面2层6列/ [索取号:D922.284.5/3] 在馆    
4 683459   2000683459   中心书库南/013架B面2层1列/ [索取号:D922.284.5/3] 在馆    
5 683460   2000683460   中心书库南/013架A面2层6列/ [索取号:D922.284.5/3] 在馆    
6 683461   2000683461   中心书库南/013架A面2层6列/ [索取号:D922.284.5/3] 在馆    
7 683462   2000683462   中心书库南/013架A面2层6列/ [索取号:D922.284.5/3] 在馆    
山东省滨州职业学院图书馆 欢迎您!
大连网信软件有限公司© 版权所有